| 000 | 00473nam a2200157 i 4500 | ||
|---|---|---|---|
| 001 | 46504 | ||
| 003 | ES-MaACL | ||
| 005 | 20230906161409.0 | ||
| 007 | t| | ||
| 008 | 030331s1929 it ||||1| ita d | ||
| 100 | 1 |
_aComessatti, Annibale. _940001 |
|
| 245 | 1 | 0 |
_aLezioni di geometria analitica e proiettiva / _cAnnibale, Comessatti. |
| 260 |
_aPadova : _bDott. A. Giuffrè, _c1929 ( _fGubbio Scuola Tipografica) |
||
| 300 |
_a2 v. ; _c25 cm. |
||
| 852 |
_aES-MaACL _jA-4422-23 |
||
| 999 |
_c46504 _d46504 |
||